| 000 | 01551nam0a2200349 i 4500 | ||
|---|---|---|---|
| 001 | RU\NLR\BIBL_A\011178014 | ||
| 005 | 20240921152050.0 | ||
| 010 |
_a9785906822611 _9300 |
||
| 021 |
_aRU _b2016-52067 _93324 |
||
| 035 | _a(NILC)RuMoRGB-008536484 | ||
| 035 | _a(NLR Aleph) 011178014 | ||
| 090 |
_a11803188 _c11803188 |
||
| 100 | _a20160719d2016 u y0rusy50 ca | ||
| 101 | 0 | _arus | |
| 102 | _aRU | ||
| 105 | _ay|||z|||000 | ||
| 200 | 1 |
_aБухгалтерский учет и налогообложение: отраслевые особенности в здравоохранении _eмонография _fТ. И. Мелехина _gМосковский гуманитарный ун-т |
|
| 210 |
_aМосква _cИзд-во Московского гуманитарного ун-та _d2016 |
||
| 215 |
_a209 с. _d21 |
||
| 320 | _aБиблиогр.: с. 199-207 (114 назв.) | ||
| 606 | 1 |
_aБюджетные учреждения _xБухгалтерский учет _yРоссийская Федерация _92114620 _3RU\NLR\AUTH\661277602 |
|
| 606 | 1 |
_aМедицинские учреждения _xБухгалтерский учет _yРоссийская Федерация _92191700 _3RU\NLR\AUTH\661317454 |
|
| 675 | _a657 | ||
| 686 | 1 | _aУ052.9(2)247 | |
| 686 | 1 | _aУ052.9(2)247.46 | |
| 700 | 1 |
_aМелехина _bТ. И. _gТатьяна Игнатьевна |
|
| 801 | 0 |
_aRU _bРГБ _c20160704 _gRCR |
|
| 801 | 2 |
_aRU _bРГБ _c20160707 _grcr |
|
| 942 | _cBOOK | ||
| 980 | _aNBR | ||